00258nam a2200109Ia 4500008004100000100002200041245002600063260002300089650001200112942000700124999001700131190216s9999||||xx |||||||||||||| ||und|| aMuhamed Puzhakara 0aPallak Chumakkunnavar bVictory Book Bouse aNadakam cBK c26489d26489